| 000 | 00514nam a2200169Ia 4500 | ||
|---|---|---|---|
| 008 | 140527s9999 xx 000 0 und d | ||
| 020 | _a9780857023940 | ||
| 050 |
_aMT 930 _b.T22 2012 |
||
| 100 | _aPrice, Jayne | ||
| 245 |
_aTeaching secondary music / _cJayne Price, Jonathan Savage. |
||
| 260 |
_aLondon ; Thousand Oaks, Calif. : _bSAGE, _cc2012. |
||
| 300 |
_a155 p. : _bill. ; _c25 cm. |
||
| 500 | _aIncludes bibliographical references and index. | ||
| 521 | _aGE | ||
| 942 |
_kFOR _cBK |
||
| 999 |
_c117545 _d117545 |
||